<?xml version="1.0" encoding="UTF-8"?><?xml-stylesheet type="text/xsl" href="static/style.xsl"?><OAI-PMH xmlns="http://www.openarchives.org/OAI/2.0/" xmlns:xsi="http://www.w3.org/2001/XMLSchema-instance" xsi:schemaLocation="http://www.openarchives.org/OAI/2.0/ http://www.openarchives.org/OAI/2.0/OAI-PMH.xsd"><responseDate>2026-04-14T04:51:49Z</responseDate><request verb="GetRecord" identifier="oai:www.recercat.cat:20.500.12327/2356" metadataPrefix="marc">https://recercat.cat/oai/request</request><GetRecord><record><header><identifier>oai:recercat.cat:20.500.12327/2356</identifier><datestamp>2025-10-22T11:17:58Z</datestamp><setSpec>com_2072_4428</setSpec><setSpec>com_2072_4427</setSpec><setSpec>col_2072_487898</setSpec></header><metadata><record xmlns="http://www.loc.gov/MARC21/slim" xmlns:dcterms="http://purl.org/dc/terms/" xmlns:xsi="http://www.w3.org/2001/XMLSchema-instance" xmlns:doc="http://www.lyncode.com/xoai" xsi:schemaLocation="http://www.loc.gov/MARC21/slim http://www.loc.gov/standards/marcxml/schema/MARC21slim.xsd">
   <leader>00925njm 22002777a 4500</leader>
   <datafield ind2=" " ind1=" " tag="042">
      <subfield code="a">dc</subfield>
   </datafield>
   <datafield ind2=" " ind1=" " tag="720">
      <subfield code="a">Serrat, X.</subfield>
      <subfield code="e">author</subfield>
   </datafield>
   <datafield ind2=" " ind1=" " tag="720">
      <subfield code="a">Esteban, R.</subfield>
      <subfield code="e">author</subfield>
   </datafield>
   <datafield ind2=" " ind1=" " tag="720">
      <subfield code="a">Peñas, G.</subfield>
      <subfield code="e">author</subfield>
   </datafield>
   <datafield ind2=" " ind1=" " tag="720">
      <subfield code="a">Català, M.M.</subfield>
      <subfield code="e">author</subfield>
   </datafield>
   <datafield ind2=" " ind1=" " tag="720">
      <subfield code="a">Mele, E.</subfield>
      <subfield code="e">author</subfield>
   </datafield>
   <datafield ind2=" " ind1=" " tag="720">
      <subfield code="a">Messeguer, J.</subfield>
      <subfield code="e">author</subfield>
   </datafield>
   <datafield ind2=" " ind1=" " tag="260">
      <subfield code="c">2013-11-07</subfield>
   </datafield>
   <datafield ind2=" " ind1=" " tag="520">
      <subfield code="a">Potential risks of genetically modified (GM) crops must be identified before their commercialization, as&#xd;
happens with all new technologies. One of the major concerns is the proper risk assessment of adventitious presence&#xd;
of transgenic material in rice fields due to cross-pollination. Several studies have been conducted in order to quantify&#xd;
pollen-mediated gene flow from transgenic rice (Oryza sativa) to both conventional rice and red rice weed (O. sativa&#xd;
f. spontanea) under field conditions. Some of these studies reported GM pollen-donor rice transferring GM traits to&#xd;
red rice. However, gene flow also occurs in the opposite direction, in a phenomenon that we have called reverse gene&#xd;
flow, resulting in transgenic seeds that have incorporated the traits of wild red rice. We quantified reverse gene flow&#xd;
using material from two field trials. A molecular analysis based on amplified fragment length polymorphisms was&#xd;
carried out, being complemented with a phenotypic identification of red rice traits. In both field trials, the reverse&#xd;
gene flow detected was greater than the direct gene flow. The rate of direct gene flow varied according to the relative&#xd;
proportions of the donor (GM rice) and receptor (red rice) plants and was influenced by wind direction. The ecological&#xd;
impact of reverse gene flow is limited in comparison with that of direct gene flow because non-shattered and nondormant seeds would be obtained in the first generation. Hybrid seed would remain in the spike and therefore most&#xd;
of it would be removed during harvesting. Nevertheless, this phenomenon must be considered in fields used for elite&#xd;
seed production and in developing countries where farmers often keep some seed for planting the following year. In&#xd;
these cases, there is a higher risk of GM red rice weed infestation increasing from year to year and therefore a proper&#xd;
monitoring plan needs to be established.</subfield>
   </datafield>
   <datafield ind1="8" ind2=" " tag="024">
      <subfield code="a">Serrat, X., R. Esteban, G. Penas, M. M. Catala, E. Mele, and J. Messeguer. 2013. "Direct And Reverse Pollen-Mediated Gene Flow Between GM Rice And Red Rice Weed". Aob PLANTS 5: plt050. doi:10.1093/aobpla/plt050.</subfield>
   </datafield>
   <datafield ind1="8" ind2=" " tag="024">
      <subfield code="a">2041-2851</subfield>
   </datafield>
   <datafield ind1="8" ind2=" " tag="024">
      <subfield code="a">http://hdl.handle.net/20.500.12327/2356</subfield>
   </datafield>
   <datafield ind1="8" ind2=" " tag="024">
      <subfield code="a">https://doi.org/10.1093/aobpla/plt050</subfield>
   </datafield>
   <datafield ind2="0" ind1="0" tag="245">
      <subfield code="a">Direct and reverse pollen-mediated gene flow between GM rice and red rice weed</subfield>
   </datafield>
</record></metadata></record></GetRecord></OAI-PMH>